Trendy v marketingu a marketingovej komunikácii v mieste predaja

Aktuálne trendy v nákupnom správaní zákazníkov. Shopper marketing - pojem. Shopper marketing ako nový prístup k marketingovej stratégií v maloobchode. Vybrané formy marketingovej komunikácie v mieste predaja. POP/POS nástroje, ich funkcia a ich základné delenie. M-marketing (mobilný marketing) ako n...

Description complète

Enregistré dans:
Détails bibliographiques
Auteur principal: Plevová, Katarína, 1989-
Format: Chapitre de livre
Langue:slovaque
Sujets:
Tags: Ajouter un tag
Pas de tags, Soyez le premier à ajouter un tag!

MARC

LEADER 00000nla a2200000 4500
001 0229349
005 20240502073757.5
041 0 |a slo 
044 |a SK 
245 1 0 |a Trendy v marketingu a marketingovej komunikácii v mieste predaja  |c Katarína Plevová 
520 |a Aktuálne trendy v nákupnom správaní zákazníkov. Shopper marketing - pojem. Shopper marketing ako nový prístup k marketingovej stratégií v maloobchode. Vybrané formy marketingovej komunikácie v mieste predaja. POP/POS nástroje, ich funkcia a ich základné delenie. M-marketing (mobilný marketing) ako nástroj marketingovej komunikácie v mieste predaja. 
610 2 0 |a správanie spotrebiteľa 
610 2 0 |a komunikácia marketingová 
610 2 0 |a nástroje marketingové 
100 1 |a Plevová, Katarína, 1989-